Grantley Adams Int. Airport Destinations (Bridgetown, Barbados) - Statistics

General Stats
  • This quiz has been taken 51 times
    35 since last reset
  • The average score is 29 of 42
Answer Stats
Airline Destination % Correct
KLM Amsterdam
94%
Caribbean Airlines/InterCaribbean Airways/Sunrise Airways Antigua
94%
Delta Air Lines Atlanta
88%
Norse Atlantic Airways/TUI Airways London (Gatwick)
88%
British Airways/Virgin Atlantic London (Heathrow)
88%
Aer Lingus/Norse Atlantic Airways/TUI Airways/Virgin Atlantic Manchester (UK)
88%
American Airlines Miami
88%
Air Canada Montréal (Trudeau)
88%
American Airlines/Delta Air Lines/JetBlue New York (JFK)
88%
Air Canada/WestJet Toronto (Pearson)
88%
Copa Airlines Panama City (Tocumen)
81%
Caribbean Airlines/InterCaribbean Airways/Virgin Atlantic St. Vincent (Argyle)
81%
United Airlines Washington (Dulles)
81%
TUI Airways Birmingham
75%
JetBlue Boston
75%
TUI Airways Bristol
75%
Conviasa Caracas
75%
American Airlines Charlotte
75%
InterCaribbean Airways/Surinam Airways Georgetown (Cheddi Jagan)
75%
Caribbean Airlines Georgetown (Ogle)
75%
TUI Airways Glasgow
75%
United Airlines Newark
75%
Caribbean Airlines/InterCaribbean Airways St. Kitts
75%
Condor/Discover Airlines Frankfurt
69%
Caribbean Airlines/InterCaribbean Airways Kingston (Norman Manley)
69%
TUI Airways Newcastle upon Tyne
69%
Surinam Airways Paramaribo
69%
Caribbean Airlines San Juan
69%
Caribbean Airlines/InterCaribbean Airways/Virgin Atlantic Grenada
63%
American Airlines Philadelphia
63%
Condor Düsseldorf
56%
Caribbean Airlines/Sunrise Airways/Winair Fort-de-France
56%
Caribbean Airlines Pointe-à-Pitre
56%
Caribbean Airlines Port of Spain
56%
Caribbean Airlines/Winair St. Maarten
56%
Caribbean Airlines/InterCaribbean Airways/LIAT20/Sunrise Airways/Winair Castries
50%
Caribbean Airlines/InterCaribbean Airways/Sunrise Airways/Winair Dominica (Douglas-Charles)
50%
Caribbean Airlines Tobago
50%
Caribbean Airlines Tortola
38%
Mustique Airways/SVG Air Bequia
25%
Mustique Airways Canouan
19%
SVG Air Union Island
6%
No matching quizzes found
Score Distribution
Percent of People with Each Score
Percentile by Number Answered
Your Score History
You have not taken this quiz since the last reset